[Event "LSS SB-2010-0-00092"]
[Site "LSS email"]
[Date "2010.05.09"]
[Round "?"]
[White "Wicklund Hansen, Gunnar"]
[Black "Deuler, Dom"]
[Result "1-0"]
[WhiteElo "1843"]
[BlackElo "1857"]
[PlyCount "21"]
[EventDate "2010.03.22"]
[EventType "tourn (corr)"]
[EventRounds "6"]
[EventCountry "GER"]
[SourceTitle "Corr 2013"]
[Source "ChessBase"]
[SourceDate "2012.11.12"]
[SourceVersion "1"]
[SourceVersionDate "2012.11.12"]
[SourceQuality "1"]

1. e4 d5 2. exd5 Qxd5 3. Nc3 Qa5 4. d4 c6 5. Nf3 Nf6 6. Bd2 Bg4 7. h3 Bh5 8. g4 Bg6 9. Bc4 Nbd7 10. g5 Nh5 11. Nh4 1-0

[Event "LSS RN-2009-0-00253"]
[Site "LSS email"]
[Date "2010.01.15"]
[Round "?"]
[White "Deuler, Dom"]
[Black "Vontina, Maria"]
[Result "1-0"]
[WhiteElo "1924"]
[BlackElo "629"]
[PlyCount "79"]
[EventDate "2009.12.31"]
[EventType "tourn (corr)"]
[EventRounds "6"]
[EventCountry "GER"]
[SourceTitle "Corr 2013"]
[Source "ChessBase"]
[SourceDate "2012.11.12"]
[SourceVersion "1"]
[SourceVersionDate "2012.11.12"]
[SourceQuality "1"]

1. b3 Nf6 2. Bb2 e6 3. Nc3 Be7 4. e3 b6 5. Nge2 0-0 6. Nf4 Bb7 7. Be2 d6 8. Bf3 Bxf3 9. Qxf3 Nbd7 10. 0-0 c5 11. Rad1 Ne5 12. Qe2 Qc7 13. d4 cxd4 14. exd4 Ned7 15. Nb5 Qb7 16. c4 a6 17. Nc3 h6 18. a4 Rac8 19. Ba3 Rfe8 20. Rfe1 Nf8 21. Rd3 N8d7 22. Rg3 Nf8 23. Bb4 Kh7 24. Nh5 Nxh5 25. Qxh5 Ng6 26. Rxe6 Bf6 27. Rxe8 Rxe8 28. Re3 Rxe3 29. fxe3 Qd7 30. Nd5 Bd8 31. Qh3 Qxh3 32. gxh3 Ne7 33. Bxd6 Nc6 34. Bc7 Bxc7 35. Nxc7 Nb8 36. Na8 Nd7 37. b4 Kg6 38. c5 bxc5 39. bxc5 Kf6 40. c6 1-0

[Event "LSS RN-2009-0-00253"]
[Site "LSS email"]
[Date "2010.01.14"]
[Round "?"]
[White "Bester, Kazimierz"]
[Black "Deuler, Dom"]
[Result "0-1"]
[WhiteElo "623"]
[BlackElo "1931"]
[PlyCount "46"]
[EventDate "2009.12.31"]
[EventType "tourn (corr)"]
[EventRounds "6"]
[EventCountry "GER"]
[SourceTitle "Corr 2013"]
[Source "ChessBase"]
[SourceDate "2012.11.12"]
[SourceVersion "1"]
[SourceVersionDate "2012.11.12"]
[SourceQuality "1"]

1. e4 d5 2. exd5 Qxd5 3. Nc3 Qa5 4. Nf3 Nf6 5. Bc4 Bg4 6. 0-0 Nc6 7. a3 Ne5 8. Be2 Nxf3+ 9. Bxf3 Qf5 10. Bxg4 Nxg4 11. d3 0-0-0 12. Ne2 e6 13. Ng3 Qg6 14. f4 Bc5+ 15. Kh1 Nf2+ 16. Rxf2 Bxf2 17. Ne4 Qxe4 18. Bd2 Qc6 19. Rc1 Rd7 20. Qe2 Bb6 21. b4 Qa4 22. Bc3 Qxa3 23. Bxg7 Qxc1+ 0-1

[Event "LSS ZN-2010-0-00868"]
[Site "LSS email"]
[Date "2010.01.12"]
[Round "?"]
[White "Bokros, Csaba"]
[Black "Deuler, Dom"]
[Result "0-1"]
[WhiteElo "827"]
[BlackElo "1925"]
[PlyCount "74"]
[EventDate "2010.01.06"]
[EventType "match (corr)"]
[EventRounds "2"]
[EventCountry "GER"]
[SourceTitle "Corr 2013"]
[Source "ChessBase"]
[SourceDate "2012.11.12"]
[SourceVersion "1"]
[SourceVersionDate "2012.11.12"]
[SourceQuality "1"]

1. e4 d5 2. exd5 Qxd5 3. Nc3 Qa5 4. Nf3 c6 5. d4 Bf5 6. Bc4 e6 7. 0-0 Nf6 8. Bd2 Nbd7 9. h3 Qb6 10. a4 Bb4 11. Be3 Qa5 12. Ne2 Nd5 13. Nh4 Be4 14. Ng3 Nxe3 15. fxe3 Bd5 16. Bd3 Be7 17. Nf3 Qc7 18. Qe1 Bxf3 19. Rxf3 0-0 20. a5 Rad8 21. Ne2 Nf6 22. a6 b6 23. c3 c5 24. b3 Rd5 25. c4 Rh5 26. Ra4 Qd7 27. Nf4 Rg5 28. Ra2 cxd4 29. exd4 Qxd4+ 30. Kh1 Rd8 31. Qd2 e5 32. Ne6 fxe6 33. Qxg5 e4 34. Bxe4 Bc5 35. Bxh7+ Nxh7 36. Qc1 Ng5 37. Rf4 Ne4 0-1

[Event "LSS SA-2008-0-00041"]
[Site "LSS email"]
[Date "2009.01.23"]
[Round "?"]
[White "Caillet, Serge"]
[Black "Deuler, Dom"]
[Result "1-0"]
[WhiteElo "2034"]
[BlackElo "2100"]
[PlyCount "179"]
[EventDate "2009.01.21"]
[EventType "tourn (corr)"]
[EventRounds "6"]
[EventCountry "GER"]
[SourceTitle "Telechess CBM 137"]
[Source "ChessBase"]
[SourceDate "2010.07.15"]
[SourceVersion "1"]
[SourceVersionDate "2010.07.15"]
[SourceQuality "1"]

1. e4 c5 2. Nf3 d6 3. d4 cxd4 4. Nxd4 Nf6 5. Nc3 g6 6. Be3 Bg7 7. f3 Nc6 8. Qd2 0-0 9. Bc4 Bd7 10. 0-0-0 Rc8 11. Bb3 Nxd4 12. Bxd4 b5 13. Bxa7 b4 14. Nd5 Nxd5 15. exd5 Qa5 16. Qe3 Bb5 17. Qb6 Qxb6 18. Bxb6 Rb8 19. Bd4 Ba6 20. Rhe1 Rb7 21. Bxg7 Kxg7 22. Rd4 Rfb8 23. Kd2 f5 24. h4 Ra7 25. g4 Rf8 26. Rxb4 Bc8 27. g5 h6 28. gxh6+ Kxh6 29. Rb8 g5 30. hxg5+ Kxg5 31. Rh1 Kf6 32. Ke3 Ke5 33. f4+ Kf6 34. Rh3 Rg8 35. Kd4 Rb7 36. Ra8 Rb4+ 37. c4 Rb7 38. a4 Rc7 39. a5 Rg4 40. a6 Rxf4+ 41. Ke3 Rg4 42. a7 Ke5 43. Rb8 Rxa7 44. Rxc8 Rg2 45. Rb8 Rxb2 46. Rh6 f4+ 47. Kd3 f3 48. Kc3 Re2 49. Re6+ Kf4 50. Rf8+ Kg5 51. Rxe2 fxe2 52. Kd2 Rb7 53. Rf3 Rb4 54. Kxe2 Kg4 55. Kf2 Kg5 56. Kg3 Rb8 57. Bc2 Rb2 58. Bd3 Rd2 59. Re3 Kf6 60. Re6+ Kf7 61. Be2 Rd4 62. Kf2 Rh4 63. Ke3 Rh3+ 64. Kd4 Rh2 65. c5 Rh4+ 66. Re4 dxc5+ 67. Ke5 Rh1 68. Bg4 Rc1 69. Be6+ Ke8 70. d6 Kd8 71. d7 Rh1 72. Kd5 Rh5+ 73. Re5 Rh8 74. Rg5 Kc7 75. Kxc5 Ra8 76. Rg7 Ra5+ 77. Kb4 Ra8 78. Rxe7 Rb8+ 79. Kc5 Rb1 80. Re8 Rc1+ 81. Kb4 Rb1+ 82. Kc3 Rd1 83. Rc8+ Kb7 84. d8Q Rxd8 85. Rxd8 Kc7 86. Rd7+ Kc6 87. Kc4 Kb6 88. Bd5 Ka5 89. Rd6 Ka4 90. Ra6# 1-0

[Event "LSS SA-2008-0-00041"]
[Site "LSS email"]
[Date "2009.01.23"]
[Round "?"]
[White "Deuler, Dom"]
[Black "Cijs, Peter JG"]
[Result "0-1"]
[WhiteElo "2100"]
[BlackElo "2147"]
[PlyCount "136"]
[EventDate "2009.01.21"]
[EventType "tourn (corr)"]
[EventRounds "6"]
[EventCountry "GER"]
[SourceTitle "Corr 2011"]
[Source "ChessBase"]
[SourceDate "2010.08.31"]
[SourceVersion "1"]
[SourceVersionDate "2010.08.31"]
[SourceQuality "1"]

1. g3 d5 2. Bg2 e5 3. d3 Nf6 4. Nf3 Nc6 5. 0-0 Be7 6. Nc3 0-0 7. Bg5 Be6 8. Nd2 h6 9. Bxf6 Bxf6 10. e4 d4 11. Nd5 Be7 12. a3 Qd7 13. Qe2 Bd6 14. c3 dxc3 15. bxc3 Na5 16. Ne3 Rad8 17. Rfd1 Qa4 18. Nf5 Rfe8 19. Nf3 b6 20. Re1 Bf8 21. Red1 Nb3 22. Rab1 g6 23. Ne3 Bg7 24. Qb2 Rd7 25. Qc2 Nc5 26. Qxa4 Nxa4 27. d4 Nxc3 28. d5 Nxd1 29. dxe6 Rxe6 30. Nxd1 Rd3 31. Ne3 Rxa3 32. Rc1 c5 33. Bf1 a6 34. Kg2 Rc6 35. Nc4 Ra4 36. Nfxe5 Bxe5 37. Nxe5 Rc7 38. Ng4 Kg7 39. e5 b5 40. Nf6 Rc8 41. h4 c4 42. Ne4 Ra3 43. h5 gxh5 44. Be2 c3 45. Bxh5 b4 46. Bxf7 Kxf7 47. Nd6+ Ke6 48. Nxc8 Kxe5 49. Kf3 Kd4 50. Rd1+ Kc4 51. Ke2 c2 52. Nd6+ Kb3 53. Re1 Ra5 54. f4 Rd5 55. Nf7 Kc3 56. Nxh6 b3 57. Ng4 b2 58. Kf3 Rd3+ 59. Kg2 b1Q 60. Rxb1 cxb1Q 61. Nf2 Rd2 62. Kf3 Qf1 63. Kg4 Qxf2 64. Kg5 Rd5+ 65. Kf6 Qb6+ 66. Ke7 Qc6 67. Kf8 Qc7 68. g4 Rd8# 0-1

[Event "LSS ZH-2008-0-00243"]
[Site "LSS email"]
[Date "2009.01.23"]
[Round "?"]
[White "Deuler, Dom"]
[Black "Sinka, Istvan"]
[Result "1-0"]
[WhiteElo "2100"]
[BlackElo "2497"]
[PlyCount "125"]
[EventDate "2009.01.22"]
[EventType "match (corr)"]
[EventRounds "2"]
[EventCountry "GER"]
[SourceTitle "Corr 2011"]
[Source "ChessBase"]
[SourceDate "2010.08.31"]
[SourceVersion "1"]
[SourceVersionDate "2010.08.31"]
[SourceQuality "1"]

1. e4 e6 2. d4 d5 3. exd5 exd5 4. Bd3 Nc6 5. c3 Bd6 6. Qf3 Nge7 7. Ne2 Be6 8. Bf4 Ng6 9. 0-0 Nxf4 10. Nxf4 Qh4 11. g3 Qf6 12. Nd2 Bxf4 13. Qxf4 Qxf4 14. gxf4 f6 15. Rfe1 Kf7 16. Nf1 Ne7 17. Ne3 Rae8 18. a4 g6 19. a5 c6 20. b4 Bd7 21. Rad1 Kg7 22. Rb1 Nc8 23. b5 Nd6 24. a6 b6 25. bxc6 Bxc6 26. Bf1 Rhf8 27. Bg2 Ne4 28. c4 dxc4 29. Nxc4 f5 30. Rec1 Ba8 31. Rb2 Re7 32. Rbc2 Rfe8 33. Ne5 Bd5 34. Bf1 Nd6 35. f3 Kf6 36. Bd3 Rd8 37. Kf2 Ne8 38. Bb5 Nd6 39. Bc6 Bg8 40. Bb7 Rde8 41. d5 b5 42. Nc6 Rd7 43. Nxa7 Nxb7 44. Nxb5 Red8 45. Nc7 Nd6 46. a7 Ne8 47. a8Q Rxa8 48. Nxa8 Rxd5 49. Rc8 Bf7 50. Nc7 Nxc7 51. R1xc7 Kg7 52. Ra7 Rd6 53. Rcc7 Rf6 54. Rd7 h6 55. h4 Kg8 56. Ke3 Kf8 57. Kd4 Kg7 58. Rab7 Kf8 59. Rb8+ Kg7 60. Re8 Rd6+ 61. Rxd6 Bxe8 62. Ke5 Bb5 63. Re6 1-0

[Event "LSS SA-2008-0-00041"]
[Site "LSS email"]
[Date "2009.01.23"]
[Round "?"]
[White "Hrvacic, Pavle"]
[Black "Deuler, Dom"]
[Result "1-0"]
[WhiteElo "1949"]
[BlackElo "2100"]
[PlyCount "137"]
[EventDate "2009.01.21"]
[EventType "tourn (corr)"]
[EventRounds "6"]
[EventCountry "GER"]
[SourceTitle "Telechess CBM 137"]
[Source "ChessBase"]
[SourceDate "2010.07.15"]
[SourceVersion "1"]
[SourceVersionDate "2010.07.15"]
[SourceQuality "1"]

1. e4 c5 2. c3 d5 3. exd5 Qxd5 4. d4 Nf6 5. Nf3 Bg4 6. Be2 Nc6 7. dxc5 Qxd1+ 8. Bxd1 e5 9. b4 e4 10. Nd4 Bxd1 11. Nxc6 bxc6 12. Kxd1 Nd5 13. a3 f5 14. c4 Nc7 15. Nd2 Ne6 16. Re1 0-0-0 17. f3 Nf4 18. fxe4 Nxg2 19. Re2 Nf4 20. Re3 g6 21. Bb2 Rg8 22. Kc2 Bh6 23. Nf1 Nh5 24. Ree1 Rgf8 25. e5 Bg5 26. Rad1 Bh4 27. Rxd8+ Rxd8 28. Rd1 Rxd1 29. Kxd1 Nf4 30. Nd2 Bd8 31. Nf3 Kd7 32. Kc2 Bc7 33. b5 Ne6 34. Nd4 Nxc5 35. Nxc6 Bb6 36. Bd4 g5 37. Nb4 Ke6 38. Nd3 Nd7 39. c5 Bc7 40. a4 Kd5 41. Bg1 f4 42. Nb4+ Ke6 43. Nc6 Nxe5 44. Nxa7 Ba5 45. Bd4 f3 46. Kd1 Nc4 47. Nc6 Bc7 48. Kc2 Bxh2 49. Kd3 f2 50. Ke2 Kd5 51. Bxf2 g4 52. Nb4+ Ke6 53. Kf1 Na5 54. Kg2 Be5 55. Nd3 Bc7 56. b6 Bd8 57. Be1 Nc4 58. a5 Bc7 59. bxc7 Kd7 60. Bg3 Ne3+ 61. Kg1 Nd5 62. c6+ Kc8 63. a6 Nb6 64. Nb4 h5 65. a7 h4 66. Bd6 h3 67. Nd5 h2+ 68. Kh1 Nxd5 69. a8R# 1-0